New Zealand Rugby All Blacks - More than 1 hattrick in a career - Statistics

General Stats
  • This quiz has been taken 159 times
  • The average score is 7 of 11
Answer Stats
Number of Times Achieved Player % Correct
4 Christian Cullen
86%
5 Jeff Wilson
85%
2 Doug Howlett
84%
4 Joe Rokocoko
83%
2 Stu Wilson
81%
2 Sitiveni Sivivatu
80%
4 Julian Savea
73%
2 Mils Muliaina
54%
2 Jonah Lomu
53%
2 John Gallagher
42%
2 Frank Mitchinson
22%
No matching quizzes found
Score Distribution
Percent of People with Each Score
Percentile by Number Answered
Your Score History
You have not taken this quiz